Statistiques concernant Invités dans les vidéos de Mcfly et Carlito

Cliquez ici pour prendre le quiz!

Statistiques générales

  • Ce quiz a été pris 343 fois
    (296 depuis la dernière actualisation)
  • Le résultat moyen est 32 sur 130

Statistiques - réponses

MétierInvité% Correct
YoutuberSqueezie
92%
YoutubeuseNatoo
90%
YoutuberCyprien
82%
YoutuberAmixem
74%
ChanteurBigflo
72%
ChanteurOli
71%
YoutuberMichou
69%
YoutuberMister V
68%
YoutuberInoxtag
67%
ActeurPierre Niney
63%
DJDavid Guetta
62%
HumoristeGad Elmaleh
62%
YoutuberJoyca
62%
ActeurÉric Judor
61%
YoutuberSEB
59%
ActeurRamzy Bedia
58%
YoutubeuseLéna Situations
57%
ActeurJonathan Cohen
53%
StreamerGotaga
52%
YoutuberNorman
52%
YoutuberPierre Croce
52%
YoutuberLéopold
47%
YoutuberMastu
46%
DJDJ Snake
45%
ActeurGuillaume Canet
45%
ChanteurVianney
41%
Candidate de téléréalitéAlix Desmoineaux
40%
StreamerDoigby
40%
ActeurOmar Sy
40%
HumoristePaul Mirabel
40%
Auteur-Compositeur-InterprèteMaxenss
39%
Chanteur / ActeurPatrick Bruel
39%
ActeurWill Smith
39%
YoutubersLe Monde à L'Envers
38%
YoutuberGael
37%
YoutuberDjilsi
36%
RéalisateurFloBer
35%
ActeurGilles Lellouche
35%
YoutuberCyril
34%
ActeurMichaël Youn
33%
ActeurTarek Boudali
32%
ActriceAudrey Pirault
30%
YoutuberFreddy Gladieux
30%
ActeurPhilippe Lacheau
30%
YoutuberBapt
27%
Groupe de chanteusesLEJ
27%
Pratiquant de beatboxWawad
27%
ActeurJérôme Commandeur
26%
HumoristeMr. Poulpe
25%
YoutubeuseEmy LTR
24%
YoutuberJérémy Nadeau
23%
StreameuseMaghla
23%
Youtuber / StreamerTerracid
23%
ComédienÉdouard Baer
22%
StreamerJiraya
22%
Youtuber / StreamerLaink
22%
YoutuberSofyan
22%
ActeurVincent Desagnat
21%
NageurCamille Lacourt
19%
YoutuberDr. Nozman
19%
ChanteurJulien Doré
19%
YoutuberTibo InShape
19%
ComédienFred Testot
18%
YoutuberJimmy Labeeu
18%
YoutuberMath
17%
ActeurPef
17%
ActeurManu Payet
16%
YoutubeuseAdèle
15%
StreamerDomingo
15%
YoutuberJérémie Dethelot
15%
YoutuberKemar
15%
ActeurBaptiste Lecaplain
14%
YoutuberFabien Olicard
14%
Animateur / ActeurJean-Luc Reichmann
14%
HumoristeAlison Wheeler
13%
ActeurMaurice Barthélemy
13%
YoutubeuseCharlie Danger
12%
AnimateurDenis Brogniart
12%
HumoristeHakim Jemili
12%
YoutuberNeoxi
12%
Candidat de téléréalitéClaude Dartois
11%
ActeurMartin Lawrence
11%
ActeurSimon Astier
11%
ComédienDjimo
10%
YoutuberCyrus North
9%
StreamerKameto
9%
ActeurLucien Maine
9%
YoutubeuseJuju Fitcats
8%
ActriceJustine Le Pottier
8%
StreamerMistermv
8%
Groupe d'humoristeYes vous aime
8%
HumoristeDédo
7%
YoutuberIbraTV
7%
YoutuberJhon Rachid
7%
StreamerLinca
7%
ActeurPasse-Partout
7%
HumoristeRoman Frayssinet
7%
RéalisateurAkim Omiri
6%
AnimateurCyril Hanouna
6%
HistorienneManon Bril
6%
StreamerMickalow
6%
ChanteurRoméo Elvis
6%
ActriceLaura Felpin
5%
ComédienneShirley Souagnon
5%
ActeurDavy Mourier
4%
ActriceFadily Camara
4%
ActeurJulien Pestel
4%
StreameuseKaatsup
4%
YoutuberLéo Grasset
4%
StreamerMathox
4%
AnimateurMichel Cymes
4%
MathématicienMickaël Launay
4%
ÉcrivainPatrick Baud
4%
ActeurSami Outalbali
4%
YoutuberColman Legrand
3%
ActeurGreg Romano
3%
StreamerNikof
3%
PongistePauline Chasselin
3%
ActeurYacine Belhousse
3%
GymnasteMathieu Ogiez
2%
StreamerBrawks
1%
Championne de MMACamila Rivarola
1%
Champion de MMACyrrile Diabaté
1%
YoutuberFarod
1%
Championne de pole danceLucie Beret
1%
Championne de natation
synchronisée
Margaux Chrétien
1%
Championne de pole danceMarie Moulin
1%
ActeurNathan Parent
1%
ChanteuseSatine Wallé
1%
Championne de natation
synchronisée
Virginie Dedieu
1%

Distribution des résultats

Percentile par nombre de réponses

% des personnes avec chaque résultat

Votre développement - résultats

Vous n’avez pas pris ce quiz depuis la dernière actualisation